00693nam a2200241 a 4500001001300000003000900013005001700022008004100039020000900080082001800089100002600107245003700133260003300170300001000203500003500213505001200248650001900260700002600279902000800305942000700313952011600320999001500436nice12345678IN_TiNIC20260116011802.0050524s1954 mada grp 000 0 tam  ac1900a297.1241bQAD aQadir, Mohammad Abdul aTajridul Jamiul Sahih Al Bukhari aMadrasbMajidiya Pressc1954 a662p. aincludes index and biblioraphy2 aTurkish aHadith-Bukhari1 aQadir, Mohammad Abdul bSRS cBK 001040708StackRoom-aHMIbHMId2007-08-07g19.00l0o297.1241 QADp06295r2007-08-07v19.00w2005-05-24yBK c3947d3947